Chemistry / (Record no. 329535)

000 -LEADER
fixed length control field 00848nam a2200265 a 4500
001 - CONTROL NUMBER
control field 1495667
003 - CONTROL NUMBER IDENTIFIER
control field NUST
005 - DATE AND TIME OF LATEST TRANSACTION
control field 20170512131001.0
008 - FIXED-LENGTH DATA ELEMENTS--GENERAL INFORMATION
fixed length control field 880520s1989 maua b 001 0 eng
010 ## - LIBRARY OF CONGRESS CONTROL NUMBER
LC control number 88081734
020 ## - INTERNATIONAL STANDARD BOOK NUMBER
International Standard Book Number 0669167088
040 ## - CATALOGING SOURCE
Original cataloging agency DLC
Transcribing agency DLC
Modifying agency DLC
050 00 - LIBRARY OF CONGRESS CALL NUMBER
Classification number QD31.2
Item number .Z86 1989
082 00 - DEWEY DECIMAL CLASSIFICATION NUMBER
Classification number 540 ZUM
Edition number 20
100 1# - MAIN ENTRY--PERSONAL NAME
Personal name Zumdahl, Steven S.
9 (RLIN) 436
245 10 - TITLE STATEMENT
Title Chemistry /
Statement of responsibility, etc. Steven S. Zumdahl.
250 ## - EDITION STATEMENT
Edition statement 2nd ed.
260 ## - PUBLICATION, DISTRIBUTION, ETC.
Place of publication, distribution, etc. Lexington, Mass. :
Name of publisher, distributor, etc. D.C. Heath,
Date of publication, distribution, etc. c1989.
300 ## - PHYSICAL DESCRIPTION
Extent xxv, 1091, 95 p. :
Other physical details ill. (some col.) ;
Dimensions 26 cm.
500 ## - GENERAL NOTE
General note H.B
504 ## - BIBLIOGRAPHY, ETC. NOTE
Bibliography, etc. note Includes bibliographical references (p. 67) and index.
650 #0 - SUBJECT ADDED ENTRY--TOPICAL TERM
Topical term or geographic name entry element Chemistry.
9 (RLIN) 276
906 ## - LOCAL DATA ELEMENT F, LDF (RLIN)
a 7
b cbc
c orignew
d 3
e opcn
f 19
g y-gencatlg
942 ## - ADDED ENTRY ELEMENTS (KOHA)
Source of classification or shelving scheme
Koha item type Book
Call number prefix 540 ZUM
Holdings
Withdrawn status Lost status Source of classification or shelving scheme Damaged status Not for loan Collection code Permanent Location Current Location Shelving location Date acquired Total Checkouts Full call number Barcode Date last seen Price effective from Koha item type
            Institute of Environmental Science and Engineering (IESE) Institute of Environmental Science and Engineering (IESE) General Stacks 05/12/2017   540 ZUM IESE-166 05/12/2017 05/12/2017 Book
© 2023 Central Library, National University of Sciences and Technology. All Rights Reserved.